| 000 | 00539 a2200145 4500 | ||
|---|---|---|---|
| 082 | _aBICSE-2 | ||
| 100 |
_aAleem Ismail Paracha _992892 |
||
| 245 |
_aSIGNALING SYSTEM 7 (SS7) MODELING _cAleem Ismail Paracha |
||
| 260 |
_aIsalamabad, _bNUST School of Electrical Engineering & Computer Science, _c2008. |
||
| 300 |
_aviii, 54 p. _b : ill _c ; 27 cm. + _e CD-ROM |
||
| 500 | _aSupervisors : Mr. Aamir Jelani, Mr. Nabeel ur Rehman. | ||
| 563 | _aHB | ||
| 856 | _uhttp://10.250.8.41:8080/xmlui/handle/123456789/8505 | ||
| 942 |
_cPR _kBICSE-2 ALE _2ddc |
||
| 999 |
_c9133 _d9133 |
||